Normal view
MARC view
- White, Harvey Elliott,
Entry Personal Name
001 - CONTROL NUMBER
- control field: 95955
003 - CONTROL NUMBER IDENTIFIER
- control field: NUST
005 - DATE AND TIME OF LATEST TRANSACTION
- control field: 20220801102306.0
008 - FIXED-LENGTH DATA ELEMENTS
- fixed length control field: 220801|| aca||aabn | a|a d
040 ## - CATALOGING SOURCE
- Original cataloging agency: NUST
- Transcribing agency: NUST
100 ## - HEADING--PERSONAL NAME
- Personal name: White, Harvey Elliott,
- Dates associated with a name: 1902-
670 ## - SOURCE DATA FOUND
- Source citation: Work cat.: (NUST)175434: Jenkins, Francis A. 95954, Fundamentals of optics /, c1976.
